The noble scholar, jurist, historian


 His Excellency Dr. Abdul Wahhab bin Ibrahim Abu Sulaiman, may Allah have mercy on him.


 He was born in Umm Al-Qura in the year 1356 AH.

الفكر الديني اليهودي : (Record no. 13383)

MARC details
000 -LEADER
fixed length control field 01227cam a22003011i 4500
003 - CONTROL NUMBER IDENTIFIER
control field SA-RiAUC
005 - DATE AND TIME OF LATEST TRANSACTION
control field 20251120133339.0
008 - FIXED-LENGTH DATA ELEMENTS--GENERAL INFORMATION
fixed length control field 251019s1999 le g 00100 ara c
040 ## - CATALOGING SOURCE
Original cataloging agency QA-DoFIS
Language of cataloging ara
Transcribing agency SA-RiAUC.
Description conventions rda
050 #4 - LIBRARY OF CONGRESS CALL NUMBER
Item number .Z38 1999
082 04 - DEWEY DECIMAL CLASSIFICATION NUMBER
Classification number 296
090 ## - LOCALLY ASSIGNED LC-TYPE CALL NUMBER (OCLC); LOCAL CALL NUMBER (RLIN)
Classification number (OCLC) (R) ; Classification number, CALL (RLIN) (NR) 296
Local cutter number (OCLC) ; Book number/undivided call number, CALL (RLIN) ظ ا ظ
100 1# - MAIN ENTRY--PERSONAL NAME
Personal name ظاظا، حسن،
Dates associated with a name 1919-1999
Relator term مؤلف.
245 12 - TITLE STATEMENT
Title الفكر الديني اليهودي :
Remainder of title أطواره ومذاهبه /
Statement of responsibility, etc. حسن ظاظا.
247 10 - FORMER TITLE
Title الفكر الديني الإسرائيلي :
Remainder of title أطواره ومذاهبه
250 ## - EDITION STATEMENT
Edition statement الطبعة الرابعة.
264 #1 - PRODUCTION, PUBLICATION, DISTRIBUTION, MANUFACTURE, AND COPYRIGHT NOTICE
Place of production, publication, distribution, manufacture بيروت :
-- دمشق :
Name of producer, publisher, distributor, manufacturer الدار الشامية ؛
-- دار القلم،
Date of production, publication, distribution, manufacture, or copyright notice 1999
300 ## - PHYSICAL DESCRIPTION
Extent 308 صفحة ؛
Dimensions 24 سم
336 ## - CONTENT TYPE
Content type term نص
Content type code txt
Source rdacontent
Materials specified كتاب
337 ## - MEDIA TYPE
Media type term بدون وسيط
Media type code n
Source rdamedia
338 ## - CARRIER TYPE
Carrier type term مجلد
Carrier type code nc
Source rdacarrier
500 ## - GENERAL NOTE
General note غلاف مصور بالألوان.
500 ## - GENERAL NOTE
General note طبعة جديدة من كتاب الفكر الديني الاسرائيلي : أطواره ومذاهبه.
500 ## - GENERAL NOTE
General note يشتمل على كشافات.
650 #7 - SUBJECT ADDED ENTRY--TOPICAL TERM
Topical term or geographic name entry element العقائد اليهودية
Source of heading or term aucsh
942 ## - ADDED ENTRY ELEMENTS (KOHA)
Source of classification or shelving scheme Dewey Decimal Classification
Koha item type Books
Suppress in OPAC No
949 ## - LOCAL PROCESSING INFORMATION (OCLC)
a SA-JeALM
d 251019
u mohamedma123
n 1
Holdings
Withdrawn status Lost status Source of classification or shelving scheme Damaged status Not for loan Home library Current library Date acquired Total checkouts Full call number Barcode Date last seen Price effective from Koha item type
    Dewey Decimal Classification     DR AbdElwahab Library DR AbdElwahab Library 11/20/2025   296 ظ ا ظ 000021327 11/20/2025 11/20/2025 Books